Purgatorio

Salvato in:
Dettagli Bibliografici
Autore principale: Alighieri, Dante
Natura: Libro
Lingua:Undetermined
Pubblicazione: Bonacci [s.n.] 1996
Soggetti:
Tags: Aggiungi Tag
Nessun Tag, puoi essere il primo ad aggiungerne!!

MARC

LEADER 00000nam a2200000Ia 4500
008 170316s9999 xx 000 0 und d
999 |c 8103  |d 8103 
040 |a cru BVZT 
090 |a 850 A3-pu 
100 |a Alighieri, Dante 
245 |a Purgatorio  |c  / Dante Alighieri 
260 |a Bonacci  |b [s.n.]  |c 1996 
300 |a 97 páginas 
650 |a LITERATURA ITALIANA  |9 212 
650 |a NOVELA  |9 13 
650 |a EN IDIOMA ITALIANO 
942 |c SALA  |h 850 A3-pu  |2 z